Những bài giảng về ngôn ngữ học đại cương T.1 Mối quan hệ giữa ngôn ngữ và tư duy
Những bài giảng về nhận thức luận đối với ngôn ngữ: Những kiến giải về bản chất và chức năng của ngôn ngữ; Mối liên hệ giữa ngôn ngữ và tư duy
Đã lưu trong:
| Príomhúdar: | |
|---|---|
| Formáid: | Leabhar |
| Teanga: | Vietnamese |
| Foilsithe: |
H.
Đại học quốc gia
1997
|
| Ábhair: | |
| Clibeanna: |
Cuir Clib Leis
Gan Chlibeanna, Bí ar an gcéad duine leis an taifead seo a chlibeáil!
|
| Thư viện lưu trữ: | Mạng thư viện Đại học Đà Nẵng |
|---|
| LEADER | 01495nam a22003858a 4500 | ||
|---|---|---|---|
| 001 | 000015631 | ||
| 003 | 12014 | ||
| 005 | 20120604140636.0 | ||
| 008 | 120531s1997 b 000 0 vieod | ||
| 020 | |c 18500đ |d 1500b | ||
| 041 | 0 | |a vie | |
| 080 | |a 40 | ||
| 082 | |a 410.1 |b NG-L | ||
| 084 | |a V10 |b NH000ữ | ||
| 100 | 1 | |a Nguyễn Lai | |
| 245 | 1 | 0 | |a Những bài giảng về ngôn ngữ học đại cương |c Nguyễn Lai |n T.1 |p Mối quan hệ giữa ngôn ngữ và tư duy |
| 260 | |a H. |b Đại học quốc gia |c 1997 | ||
| 300 | |a 245tr |c 21cm | ||
| 500 | |a Thư mục: tr. 243 - 245 | ||
| 505 | |a T.1: Mối quan hệ giữa ngôn ngữ và tư duy | ||
| 520 | |a Những bài giảng về nhận thức luận đối với ngôn ngữ: Những kiến giải về bản chất và chức năng của ngôn ngữ; Mối liên hệ giữa ngôn ngữ và tư duy | ||
| 653 | |a Ngôn ngữ học | ||
| 653 | |a bài giảng | ||
| 653 | |a tư duy | ||
| 773 | |t Những bài giảng về ngôn ngữ học đại cương |w 12015 | ||
| OWN | |a LSP | ||
| AVA | |a UDN50 |b LSP |d 410.1 NG-L |e available |t Error 5001 Not defined in file expand_doc_bib_avail. |f 6 |g 0 |h N |i 0 |k 1 | ||
| 999 | |a From the UDN01 | ||
| AVA | |a UDN50 |b LSP |d 410.1 NG-L |e available |t Error 5001 Not defined in file expand_doc_bib_avail. |f 6 |g 0 |h N |i 0 |k 1 | ||
| TYP | |a Monograph | ||
| TYP | |a Printed language | ||
| 980 | |a Mạng thư viện Đại học Đà Nẵng | ||